000 00686cam a2200229 a 4500
008
020 _a1928962009 (pbk. )
049 _aMAIN
090 _aQA39.3
_bKIN
100 _aKinney D. Patrick.
245 1 0 _aInteractive mathematics:
_bprealgebra /
_cD. Patrick Kinney and Douglas F. Robertson.
260 _aBloomington :
_bPlato Learning,
_cc2004.
300 _axii, 744 p. :
_bill. ;
_c28 cm.
500 _aIncludes Index.
650 0 _aMathematics
_vTextbooks.
700 _aDouglas F. Robertson.
907 _a.b10344706
_b11-04-18
_c11-07-14
003
005 20230120144456.0
040 _cNUST
942 _cBOOKS
_kQA39.3
_mKIN
999 _c97539
_d97539